Propagación de especies nativas de la Región Andina
Сохранить в:
| Соавтор: | |
|---|---|
| Формат: | |
| Язык: | испанский |
| Опубликовано: |
Bogotá
Alcaldía Mayor de Bogotá
2010
|
| Редактирование: | 1a. ed |
| Предметы: | |
| Метки: |
Добавить метку
Нет меток, Требуется 1-ая метка записи!
|
MARC
| LEADER | 00000cam a2200000 a 4500 | ||
|---|---|---|---|
| 001 | UCD0721 | ||
| 003 | CL-VaPUC | ||
| 008 | 151210e20101100ck |||||||||||||||||spa|d | ||
| 020 | |a 9789588576015 | ||
| 082 | 0 | 4 | |a 630 |b JAR |2 21 |
| 110 | 2 | |a Jardín Botánico de Bogotá José Celestino Mutis |e author |9 583726 | |
| 245 | 1 | 0 | |a Propagación de especies nativas de la Región Andina |
| 250 | |a 1a. ed | ||
| 300 | |a 184 p | ||
| 942 | |c BK | ||
| 945 | |d 20151210 22:58:00 |a arojas | ||
| 260 | |a Bogotá |b Alcaldía Mayor de Bogotá |c 2010 | ||
| 650 | 7 | |a ESPECIES NATIVAS |2 CL-VaPUC |9 558530 | |
| 650 | 7 | |a ESPECIES NO TRADICIONALES |2 CL-VaPUC |9 476161 | |
| 651 | 0 | |a Colombia |9 256424 | |
| 651 | 0 | |a Bogotá |9 323524 | |
| 583 | |a last modification |c 20151210 22:58:00 |k Rodrigo Vera | ||
| 999 | |c 362183 |d 362181 | ||
| 952 | |0 0 |1 0 |3 erb |4 0 |6 630_000000000000000_JAR_2010 |7 0 |8 C |9 473139 |a BIBCUR |b BIBCUR |i 5256631 |o 630 JAR 2010 |p 5256631 |r 2025-04-22 |w 2019-11-24 |y BK |z Catalogado en:20151210 |k CAC | ||